• 首页
  • 本馆介绍
  • 公告通知
  • 最新文献
  • 馆藏检索
  • 电子资源
  • 读者导购
  • 参考咨询
  • 我的图书馆
  • 登录
  • 详细信息显示
  • 放入我的书架
  • 预约/预借图书
  • 作者相关作品
  • 分类相关作品
  • 丛书相关作品
  • 出版社相关作品

书目信息

  • 表格格式
  • 工作单格式
  • 卡片格式
题名:
美联社新闻报道手册
    
 
作者: 施瓦茨 著 ;曹俊 , 王蕊 译
分册:  
出版信息: 北京   中央编译出版社  2014
页数: 346页
开本: 21cm
丛书名:
单 册:
中图分类: G212.2 , G219.712.2
科图分类:
主题词: 新闻报道--xin wen bao dao--案例--美国--现代
电子资源:
ISBN: 978-7-5117-2028-3
000 00964cam0 2200277 450
001 340615
005 20150625164735.51
010    @a978-7-5117-2028-3@dCNY48.00
100    @a20140428d2014 ekmy0chiy50 ea
101 1  @achi@ceng
102    @aCN@b110000
105    @ay z 000yy
106    @ar
200 1  @a美联社新闻报道手册@Amei lian she xin wen bao dao shou ce@d= Associated press reporting handbook@f(美) 杰里·施瓦茨著@fJerry Schwartz@g曹俊, 王蕊译@zeng
210    @a北京@c中央编译出版社@d2014
215    @a346页@d21cm
306    @a本书中文简体字翻译版由麦格劳-希尔(亚洲)教育出版公司授权合作出版
500 10 @aAssociated press reporting handbook@mChinese
606 0  @a新闻报道@Axin wen bao dao@x案例@y美国@z现代
690    @aG212.2@v5
690    @aG219.712.2@v5
701  1 @a施瓦茨@Ashi wa ci@g(Schwartz, Jerry)@4著
702  0 @a曹俊@Acao jun@4译
702  0 @a王蕊@Awang rui@4译
801  0 @aCN@b卓展宏图@c20150525
905    @dG212.2@e633@f4
    
    美联社新闻报道手册= Associated press reporting handbook/(美) 杰里·施瓦茨著/Jerry Schwartz/曹俊, 王蕊译.-北京:中央编译出版社,2014
    346页;21cm
    
    
    ISBN 978-7-5117-2028-3:CNY48.00
    
●
相关链接 在E读中查询图书 在五车中查询图书 在当当中查询图书 在豆瓣中查询图书


正题名:美联社新闻报道手册     索取号:G212.2/633         预约/预借

序号 登录号 条形码 馆藏地/架位号 状态 备注
1 866363   208663631   第一样本阅览室/ [索取号:G212.2/633] 在馆    
2 866364   208663640   第四借阅区/ [索取号:G212.2/633] 在馆    
3 866365   208663659   第四借阅区/ [索取号:G212.2/633] 在馆    
4 866366   208663668   第四借阅区/ [索取号:G212.2/633] 在馆    
唐山师范学院图书馆 欢迎您!
大连网信软件有限公司© 版权所有